Accounting Information Systems: Selected Chapters from Accounting Information Systems A Business Process Approach Second Edition and Accounting Information Systems (Record no. 6019)

MARC details
005 - DATE AND TIME OF LATEST TRANSACTION
control field 20250628131413.0
020 ## - INTERNATIONAL STANDARD BOOK NUMBER
International Standard Book Number 978-1-4266-5036-9
082 ## - DEWEY DECIMAL CLASSIFICATION NUMBER
Classification number 657.2 HAL
100 ## - MAIN ENTRY--PERSONAL NAME
Author name HALL, J. A.
245 ## - TITLE STATEMENT
Title Accounting Information Systems: Selected Chapters from Accounting Information Systems A Business Process Approach Second Edition and Accounting Information Systems
250 ## - EDITION STATEMENT
Edition statement 6th Ed.
260 ## - PUBLICATION, DISTRIBUTION, ETC.
Place of publication, distribution, etc. Australia,
Name of publisher, distributor, etc. Cengage Learning,
Date of publication, distribution, etc. 2008.
300 ## - PHYSICAL DESCRIPTION
Extent 795p.: ill.; figure, table
Dimensions 26cm
700 ## - ADDED ENTRY--PERSONAL NAME
Other authors/Editors JONES, F. L.[...et al...]
942 ## - ADDED ENTRY ELEMENTS (KOHA)
Source of classification or shelving scheme Dewey Decimal Classification
Koha item type Books
Holdings
Date last seen Total checkouts Full call number Barcode Cost, replacement price Price effective from Koha item type Lost status Source of classification or shelving scheme Damaged status Not for loan Withdrawn status Home library Current library Shelving location Date acquired Cost, normal purchase price
06/28/2025   657.2 HAL DOM000486 90000.00 06/28/2025 Books   Dewey Decimal Classification       CBE Dodoma CBE Dodoma General Collection 06/28/2025 30000.00